000 00769cam a2200265 4500500
005 20260405001910.0
041 _afre
042 _adc
100 1 0 _aNassif, Philippe
_eauthor
245 0 0 _aFrançois Jullien, Jean-Claude Michéa. Solidaire et solitaire
260 _c2014.
500 _a25
690 _aCapitalisme
690 _aExit
690 _aFrançois Jullien
690 _aJean-Claude Michea
690 _aLibéralisme
690 _aRéforme
690 _aRévolte
690 _aSubir
690 _aTransformation
690 _aVoice
786 0 _nPhilosophie magazine | 85 | 12-1 | 2014-12-01 | p. 44-47 | 1951-1787
856 4 1 _uhttps://shs.cairn.info/magazine-philosophie-magazine-2014-12-1-page-44?lang=fr&redirect-ssocas=7080
999 _c2052139
_d2052139